000 01218cam a22002655a 4500
001 L159097
002 20220
008 110927s2015 xxk f 001 0 eng d
020 _a97817832111111
035 _a(Sirsi) u159097
041 0 _aeng
050 0 4 _a692.5 $2 18
110 2 _aBuilding Cost Information Service
_91096
245 0 0 _aAlterations and refurbishment price book
_bMaintenance and operating costs
_b2016
250 _a21th ed.
260 _aBCIS
_c2015
300 _a1
_fv.
_c30 cm.
520 _aFocuses on small to medium sized projects, generally working within an existing building and reflecting the increase in costs brought about the reduction in output, smaller discounts, increased carriage, increased supervision, and less productivity brought about by smaller economies of scale, increased production costs, more difficult access and the possibility of working in occupied premises. New items for 2016 include expanded range of composite items to cover 'Robust Details', and increased range of drainage composites.
520 _aSupersedes 20th ed.
521 _aAdvanced
590 _aKA
651 4 _aUnited Kingdom
_y
690 _aBUILT ENVIRONMENT-BUILDING COSTS
942 _n0
999 _c115673
_d115673